Estadísticas para Mayores productores mundiales de automóviles

Haz click aquí para tomar la prueba!

Estadísticas generales

  • Esta prueba ha sido tomada 99 veces
  • La puntuación promedio es 20 de 26

Estadísticas de respuestas

PosiciónUnidadesPaís% Correcto
129.015.434China
99%
211.189.985Estados Unidos
98%
45.645.581Alemania
97%
82.848.335España
97%
102.227.000Francia
96%
39.693.746Japón
96%
92.699.672Brasil
93%
121.886.646Rusia
93%
20697.864Italia
92%
74.068.415México
91%
141.598.879Reino Unido
89%
54.782.896India
88%
112.393.890Canadá
87%
64.114.913Corea del Sur
82%
21617.329Argentina
81%
23593.904Polonia
77%
151.298.523Indonesia
67%
24566.083Sudáfrica
59%
171.170.445Turquía
58%
131.880.007Tailandia
54%
181.090.846Irán
49%
161.251.220República Checa
49%
25516.832Bélgica
47%
22596.600Malasia
46%
26391.422Rumanía
44%
19993.000Eslovaquia
21%

Distribución de puntuación

Porcentaje por número respondido

Porcentaje de gente con cada puntuación

Historial de tus puntuaciones

No has tomado esta prueba